000 00909nam a2200289 i 4500
001 114899
003 ES-MaACL
005 20260130132650.0
007 t|
008 070208s1965 sp ||||1| spa d
080 _a261.8
080 _a262.5 Vat. II
111 2 _aConcilio Vaticano (
_n2º.
_d1962-1965)
_9122
245 1 0 _aDecreto sobre el ecumenismo /
_cintroducción: Adalberto Mª Franquesa.
250 _a1ª ed.
260 _aBarcelona :
_bEstela,
_c1965.
300 _a76 p. ;
_c20 cm.
490 1 _aDocumentos del Concilio Vaticano II ;
_v5
490 1 _aColección "Mens Petri"
500 _aTexto en español y latín.
650 1 4 _aEcumenismo.
_912045
700 1 _aFranquesa, Adalbert,
_d1908-2005
_952344
830 0 _aDocumentos del Concilio Vaticano II ;
_v5
_9185802
830 0 _aColección "Mens Petri"
_9185803
852 _aES-MaACL
_jC-56626
999 _c114899
_d114899